000
00284nam a22001097a 4500
008
160613b xxu||||| |||| 00| 0 eng d
020
_a
080166618X
041
_a
eng
080
_a
618.2
245
_a
Learning medical terminology:
_c
Miriam G. Austrin; Harvey R. Austrin;
942
_2
udc
_c
BK
999
_c
2442
_d
2442